Návrh špirálového čerpadla pre zadané parametre

Salvato in:
Dettagli Bibliografici
Autore principale: Vranský, Dávid (Autore)
Altri autori: Knížat, Branislav (Relatore della tesi)
Natura: Manoscritto Libro
Lingua:slovacco
Pubblicazione: 2025
Soggetti:
Accesso online:http://is.stuba.sk/zp/portal_zp.pl?podrobnosti=186124
Tags: Aggiungi Tag
Nessun Tag, puoi essere il primo ad aggiungerne!!

MARC

LEADER 00000ntm a22000003a 4500
001 stuzp103825
003 SK-STU
005 20250621210245.2
007 ta
008 150427s2015----xo-----f-mn---000-0-slo-d
040 |a STU  |b slo 
041 0 |a slo 
100 1 |a Vranský, Dávid  |u 020060  |4 aut  |U SjF Strojnícka fakulta  |T SjF Ústav energetických strojov a zariadení  |X 111719  |U J0060  |Y 805  |7 111719 
242 0 1 |a Design of a screw centrifugal pump for defined operating parameters  |y eng 
245 1 0 |a Návrh špirálového čerpadla pre zadané parametre 
260 |c 2025 
650 4 |a Hydrodynamické čerpadlo  |2 slo 
650 4 |a Špirálové obežné koleso  |2 slo 
650 4 |a CFD simulácia  |2 slo 
650 4 |a Konštrukčný návrh zostavy čerpadla  |2 slo 
650 4 |a Hydrodynamic pump  |2 eng 
650 4 |a Screw-type impeller  |2 eng 
650 4 |a CFD simulation  |2 eng 
650 4 |a Design of pump assembly components  |2 eng 
700 1 |a Knížat, Branislav  |u 020060  |k Z1  |4 ths  |U SjF Strojnícka fakulta  |T SjF Ústav energetických strojov a zariadení  |X 2371  |U J0060  |Y 805  |7 A000002371 
856 4 |u http://is.stuba.sk/zp/portal_zp.pl?podrobnosti=186124